Odpowiedź zaczyna się na "Por-" - Statystyki

Ogólne statystyki
  • Ten quiz został rozwiązany 520 razy
  • Średni wynik to 20 z 28
Statystyki odpowiedzi
Hint Odpowiedź % Poprawnych
Państwo w Europie Portugalia
99%
Warzywo należące do tzw. grupy cebulowatych Por
98%
Przechowywujemy w tym pieniądze Portfel|Portmonetka
95%
Można w nim cumować statek Port
93%
Jedna z pór dnia Poranek
92%
Np. randkowy Portal
92%
Stanowi „oparcie” dla starszych osób podczas schodzenia ze schodów Poręcz
90%
Oficerski stopień wojskowy Porucznik
89%
Mogą je zawrzeć strony podczas sporu Porozumienie
88%
Zestawienie dwóch (lub więcej) rzeczy ze sobą w celu wskazania podobieństw Porównanie
87%
Zrzucane i nakładane corocznie przez jelenie Poroże
87%
Przestępstwo polegające na bezprawnym pozbawieniu człowieka wolności i zmuszeniu do zmiany miejsca pobytu wbrew jego woli Porwanie
85%
Czarny lub czerwony owoc Porzeczka
85%
Rodzaj białej, przeświecającej ceramiki wysokiej jakości, wynalezionej w Chinach Porcelana
83%
Instytucja, w której udziela się fachowych porad w zakresie jakiejś specjalności (dotyczącej zdrowia) Poradnia
81%
Racja żywności Porcja
77%
Miejsce, w którym na świat przychodzą dzieci (potocznie) Porodówka
77%
Gdy dziecko „ma” go w pokoju to mama jest szczęśliwa Porządek
74%
Cecha charakteryzująca osoby skłonne do gwałtownych reakcji i łatwo wybuchających gniewem Porywczość
69%
Pomieszczenie lub mały budynek przy wejściu do jakiejś instytucji, służące do sprawowania nadzoru nad tym wejściem Portiernia
64%
Nazwa wina Porto
56%
Terytorium zorganizowane nieinkorporowane Stanów Zjednoczonych o statusie „wspólnoty”, leżące na wyspie o tej samej nazwie na Morzu Karaibskim Portoryko
52%
Pisemne zobowiązanie wobec wierzyciela do wykonania zobowiązania dłużnika, w razie gdyby ten go nie wykonał Poręczenie
50%
Największe miasto w stanie Oregon, w Stanach Zjednoczonych Portland
48%
Nazwisko prezydenta Ukrainy w latach 2014–2019 Poroszenko
39%
______ Doriana Graya- tytuł powieści Oscara Wilde’a Portret
33%
Stolica Haiti Port-au-Prince
25%
Stolica Beninu Porto-Novo
22%
Nie znaleziono quizów pasujących do podanych kryteriów
Rozkład punktacji
Procent ludzi z każdym wynikiem
Percentyl według liczby udzielonych odpowiedzi
Twoja historia wyników
Nie rozwiązałeś tego quizu